Recent Trends in Naval Engineering Research (Record no. 27399)

000 -LEADER
fixed length control field 04926nam a22006495i 4500
001 - CONTROL NUMBER
control field 978-3-030-64151-1
003 - CONTROL NUMBER IDENTIFIER
control field DE-He213
005 - DATE AND TIME OF LATEST TRANSACTION
control field 20240716160449.0
006 - FIXED-LENGTH DATA ELEMENTS--ADDITIONAL MATERIAL CHARACTERISTICS
fixed length control field a|||||o|||| 00| 0
007 - PHYSICAL DESCRIPTION FIXED FIELD--GENERAL INFORMATION
fixed length control field cr nn 008mamaa
008 - FIXED-LENGTH DATA ELEMENTS--GENERAL INFORMATION
fixed length control field 210612s2021 sz | s |||| 0|eng d
020 ## - INTERNATIONAL STANDARD BOOK NUMBER
International Standard Book Number 9783030641511
024 7# - OTHER STANDARD IDENTIFIER
Standard number or code 10.1007/978-3-030-64151-1
Source of number or code doi
040 ## - CATALOGING SOURCE
Transcribing agency imu-kc
050 #4 - LIBRARY OF CONGRESS CALL NUMBER
Classification number Q295
Classification number QA402.3-402.37
072 #7 - SUBJECT CATEGORY CODE
Subject category code GPFC
Source bicssc
Subject category code SCI064000
Source bisacsh
Subject category code GPFC
Source thema
082 04 - DEWEY DECIMAL CLASSIFICATION NUMBER
Classification number 003
Edition number 23
245 10 - TITLE STATEMENT
Title Recent Trends in Naval Engineering Research
Medium [electronic resource] /
Statement of responsibility, etc. edited by Anthony A. Ruffa, Bourama Toni.
250 ## - EDITION STATEMENT
Edition statement 1st ed. 2021.
264 #1 - PRODUCTION, PUBLICATION, DISTRIBUTION, MANUFACTURE, AND COPYRIGHT NOTICE
Place of production, publication, distribution, manufacture Cham :
Name of producer, publisher, distributor, manufacturer Springer International Publishing :
-- Imprint: Springer,
Date of production, publication, distribution, manufacture, or copyright notice 2021.
300 ## - PHYSICAL DESCRIPTION
Extent XIV, 309 p. 153 illus., 117 illus. in color.
Other physical details online resource.
336 ## - CONTENT TYPE
Content type term text
Content type code txt
Source rdacontent
337 ## - MEDIA TYPE
Media type term computer
Media type code c
Source rdamedia
338 ## - CARRIER TYPE
Carrier type term online resource
Carrier type code cr
Source rdacarrier
347 ## - DIGITAL FILE CHARACTERISTICS
File type text file
Encoding format PDF
Source rda
490 1# - SERIES STATEMENT
Series statement STEAM-H: Science, Technology, Engineering, Agriculture, Mathematics & Health,
International Standard Serial Number 2520-1948
505 0# - FORMATTED CONTENTS NOTE
Formatted contents note Introductory Chapter: Mathematical Sciences and Naval Engineering Research -- Microlattice Materials and their potential applications in structural dynamics and acoustics -- Alternative Approach to Cagniard Method for Transient Ocean Acoustic Modeling -- Acoustic transmission in a low Mach number liquid flow -- Lift Production using Differential Cavity Ventilation -- An Exact Solution for a Kalman Smoother -- Metallic Foam Metamaterials for Vibration Damping and Isolation -- The other Navy Seals: Seal Whiskers as a Bio-Inspired Model for the Resolution of Vortex Induced Vibrations -- A series of multidimensional integral identities with applications to multivariate weighted generalized Gaussian Distributions -- Minimum Uniform Track Placement for Rectangular Regions -- Antenna Behavior in the Maritime Environment -- The Destabilizing impact of Non-Performers in Multi-Agent Groups -- Improving Inertial Navigation Accuracy with Bias Modeling.
520 ## - SUMMARY, ETC.
Summary, etc. This multidisciplinary volume is the second in the STEAM-H series to feature invited contributions on mathematical applications in naval engineering. Seeking a more holistic approach that transcends current scientific boundaries, leading experts present interdisciplinary instruments and models on a broad range of topics. Each chapter places special emphasis on important methods, research directions, and applications of analysis within the field. Fundamental scientific and mathematical concepts are applied to topics such as microlattice materials in structural dynamics, acoustic transmission in low Mach number liquid flow, differential cavity ventilation on a symmetric airfoil, Kalman smoother, metallic foam metamaterials for vibration damping and isolation, seal whiskers as a bio-inspired model for the reduction of vortex-induced vibrations, multidimensional integral for multivariate weighted generalized Gaussian distributions, minimum uniform search track placement for rectangular regions, antennas in the maritime environment, the destabilizing impact of non-performers in multi-agent groups, inertial navigation accuracy with bias modeling. Carefully peer-reviewed and pedagogically presented for a broad readership, this volume is perfect to graduate and postdoctoral students interested in interdisciplinary research. Researchers in applied mathematics and sciences will find this book an important resource on the latest developments in naval engineering. In keeping with the ideals of the STEAM-H series, this volume will certainly inspire interdisciplinary understanding and collaboration.
650 #0 - SUBJECT ADDED ENTRY--TOPICAL TERM
Topical term or geographic name entry element System theory.
Topical term or geographic name entry element Control theory.
Topical term or geographic name entry element Mathematical analysis.
Topical term or geographic name entry element Numerical analysis.
Topical term or geographic name entry element Algebras, Linear.
Topical term or geographic name entry element Fluid mechanics.
Topical term or geographic name entry element Special functions.
Topical term or geographic name entry element Systems Theory, Control .
Topical term or geographic name entry element Integral Transforms and Operational Calculus.
Topical term or geographic name entry element Numerical Analysis.
Topical term or geographic name entry element Linear Algebra.
Topical term or geographic name entry element Engineering Fluid Dynamics.
Topical term or geographic name entry element Special Functions.
700 1# - ADDED ENTRY--PERSONAL NAME
Personal name Ruffa, Anthony A.
Relator term editor.
Relationship edt
-- http://id.loc.gov/vocabulary/relators/edt
Personal name Toni, Bourama.
Relator term editor.
Relationship edt
-- http://id.loc.gov/vocabulary/relators/edt
710 2# - ADDED ENTRY--CORPORATE NAME
Corporate name or jurisdiction name as entry element SpringerLink (Online service)
773 0# - HOST ITEM ENTRY
Title Springer Nature eBook
776 08 - ADDITIONAL PHYSICAL FORM ENTRY
Relationship information Printed edition:
International Standard Book Number 9783030641504
Relationship information Printed edition:
International Standard Book Number 9783030641528
Relationship information Printed edition:
International Standard Book Number 9783030641535
830 #0 - SERIES ADDED ENTRY--UNIFORM TITLE
Uniform title STEAM-H: Science, Technology, Engineering, Agriculture, Mathematics & Health,
International Standard Serial Number 2520-1948
856 40 - ELECTRONIC LOCATION AND ACCESS
Uniform Resource Identifier <a href="https://doi.org/10.1007/978-3-030-64151-1">https://doi.org/10.1007/978-3-030-64151-1</a>
942 ## - ADDED ENTRY ELEMENTS (KOHA)
Source of classification or shelving scheme
Koha item type E-Book

No items available.

Designed and Maintained by IMU-KC Library, Kolkata Campus © Copyright All Rights Reserved

webs counters

Powered by Koha